Statistics for Random Sequential African Countries on a Map

Click here to take the quiz!

General Stats

  • This quiz has been taken 100,621 times
    (48,774 since last reset)
  • The average score is 47 of 54

Answers on the Map

Answers color-coded by a green-red scale on the quiz's map according to % correct below.
 

Answer Stats

Country% Correct
Algeria
87%
Angola
87%
Cape Verde
87%
Central African Republic
87%
Chad
87%
D. R. Congo
87%
Egypt
87%
Eritrea
87%
Eswatini
87%
Ethiopia
87%
Kenya
87%
Lesotho
87%
Libya
87%
Madagascar
87%
Mali
87%
Mauritania
87%
Morocco
87%
Mozambique
87%
Namibia
87%
Niger
87%
Nigeria
87%
Somalia
87%
South Africa
87%
South Sudan
87%
Sudan
87%
Tunisia
87%
Benin
86%
Botswana
86%
Cameroon
86%
Comoros
86%
Djibouti
86%
Equatorial Guinea
86%
Gambia
86%
Ghana
86%
Ivory Coast
86%
Malawi
86%
Mauritius
86%
Rwanda
86%
São Tomé and
Príncipe
86%
Senegal
86%
Seychelles
86%
Tanzania
86%
Togo
86%
Uganda
86%
Zambia
86%
Zimbabwe
86%
Burkina Faso
85%
Burundi
85%
Gabon
85%
Guinea
85%
Guinea-Bissau
85%
Liberia
85%
Rep. of the Congo
85%
Sierra Leone
85%

Score Distribution

Percentile by Number Answered

Percent of People with Each Score

Your Score History

You have not taken this quiz since the last reset